000 00753nam a22002177a 4500
003 OSt
005 20260306013547.0
008 260306b |||||||| |||| 00| 0 eng d
040 _aDWC-Main lib
_cOC
082 _218th edition
_aCirc. 621.319 H551e 2024
100 _aHerman, Stephen L.
245 _aElectrical wiring industrial:
_bbased on the 2023 national electrical code
_cStephen L. Herman
250 _a18th edition
260 _aBoston, USA:
_bCengage Learning Inc.,
_cc2024.
300 _axii, 404 pages:
_billustrations;
_c27 cm.
504 _aIncludes index.
650 _a1. Electrical wiring.
650 _a2. Factories-electric equipment--installation.
700 _aDerrick Atkins
942 _2ddc
_cBK-CIRC
_e18th edition
_kCirc.
_n0
999 _c8648
_d8648